Raperzy dla Patryka i Wiktori - Statystyki

Ogólne statystyki
  • Ten quiz został rozwiązany 53 razy
  • Średni wynik to 6 z 8
Statystyki odpowiedzi
Wskazówki Raperzy % Poprawnych
Żaba inaczej Żabson
95%
Gang 2115 Bedoes
92%
Wyrzucona z internaziomali Young leosia
92%
Stworzył z solarem SBM Białas
87%
Kiedyś współpracował z MC Mata
82%
Gugu Szpaku
74%
Drugi obywatel gugu Chivas
61%
Najlepszy raper White 2115
45%
Nie znaleziono quizów pasujących do podanych kryteriów
Rozkład punktacji
Procent ludzi z każdym wynikiem
Percentyl według liczby udzielonych odpowiedzi
Twoja historia wyników
Nie rozwiązałeś tego quizu